000 00662cam a2200229 a 4500
001 1086568
005 20180126081017.0
008 920204s1992 nyu d 001 0 eng
010 _a 92007615
020 _a0062700146 (indexed)
020 _a0062700464 (plain)
040 _aDLC
_cDLC
_dDLC
041 _aeng
080 _a423.1
082 0 0 _a423.1 CHA
_220
100 _a39
101 _aFJA
245 0 0 _aRoget's international thesaurus.
906 _a7
_bcbc
_corignew
_d1
_eocip
_f19
_gy-gencatlg
942 _2ddc
_cBK
999 _c41011
_d41011